[Event "IEWCC"]
[Site "Istanbul TUR"]
[Date "2003.06.03"]
[Round "2"]
[White "Zhukova,N"]
[Black "Muhren,B"]
[Result "1-0"]
[WhiteElo "2448"]
[BlackElo "2092"]

1.d4 d5 2.c4 dxc4 3.Nf3 Nf6 4.e3 e6 5.Bxc4 c5 6.O-O a6 7.Bd3 Nc6 8.Nc3 Be7
9.a3 O-O 10.dxc5 Bxc5 11.b4 Bd6 12.Bb2 Qe7 13.Na4 Rd8 14.Nb6 Rb8 15.Qe2 Nd7
16.Nxc8 Rbxc8 17.Rac1 b5 18.Be4 Ncb8 19.Rxc8 Rxc8 20.Rd1 Nf8 21.g3 Rd8 22.Bd4 Qc7
23.Qb2 f6 24.Rc1 Qe7 25.Bb6 Re8 26.Nd4 Nfd7 27.Bc7 Ne5 28.Bxd6 Qxd6 29.Qa2 Nbd7
30.Bf5 Nc4 31.Bh3 Nce5 32.Qb3 f5 33.Rc2 g6 34.a4 bxa4 35.Qxa4 Rc8 36.Bf1 Kf7
37.f4 Nb6 38.fxe5 Qxe5 39.Qb3 Rxc2 40.Nxc2 a5 41.bxa5 Qxa5 42.Nd4 Nd5 43.Qb7+ Kf6
44.Qc6 Qb6 45.Qxb6 Nxb6 46.Kf2 e5 47.Nc6 h6 48.Ke1 g5 49.Kd2 Na4 50.Bg2 Nb6
51.Kc3 Ke6 52.e4 f4 53.Bf3 Nd7 54.Bg4+ Kd6 55.Bxd7 Kxd7 56.Nxe5+ Ke6 57.gxf4 gxf4
58.Kd4  1-0

[Event "4th IECC"]
[Site "Istanbul TUR"]
[Date "2003.06.06"]
[Round "7"]
[White "Conquest,S"]
[Black "Rytshagov,M"]
[Result "1/2-1/2"]
[WhiteElo "2556"]
[BlackElo "2491"]

1.d4 d5 2.c4 dxc4 3.Nf3 Nf6 4.e3 e6 5.Bxc4 c5 6.Qe2 cxd4 7.exd4 Nc6 8.Be3 Be7
9.Nc3 O-O 10.Rd1 Na5 11.Bd3 b6 12.O-O Bb7 13.Ne5 Rc8 14.Rfe1 Nd5 15.Bd2 Bg5
16.Qh5 h6 17.Nxd5 Bxd5 18.Bb4 Be7 19.Bxe7 Qxe7 20.Ng6 fxg6 21.Qxd5 exd5 22.Rxe7 Nc6
23.Rd7 Rf6 24.h3 Rd8 25.Rxd8+ Nxd8 26.g3 Nc6 27.Bb5 g5 28.Kf1 Kf8 29.Ke2 Ke7
30.a3 Kd6 31.Ke3 Re6+ 32.Kd3 Rf6 33.Ke3 Re6+ 34.Kd3 Rf6  1/2-1/2

[Event "Golden Cleopatra"]
[Site "Cairo EGY"]
[Date "2003.06.10"]
[Round "9"]
[White "Abdel Razik,A"]
[Black "Sarwat,W"]
[Result "0-1"]
[WhiteElo "2190"]
[BlackElo "2333"]

1.d4 d5 2.Nf3 Nf6 3.c4 dxc4 4.e3 e6 5.Bxc4 c5 6.O-O a6 7.a3 b5 8.Bd3 Bb7
9.b3 Nbd7 10.Bb2 Bd6 11.Nbd2 O-O 12.Qe2 cxd4 13.exd4 Nd5 14.g3 Rc8 15.Ne4 Be7
16.Ne5 f5 17.Nd2 Nc3 18.Qe1 Nf6 19.Ndf3 Nce4 20.h4 Qd5 21.b4 Nd6 22.Qe2 Ng4
23.Rfc1 Bf6 24.Rc5 Rxc5 25.bxc5 Bxe5 26.dxe5 Nf7 27.Bxf5 exf5 28.e6 Qxf3
29.exf7+ Kxf7 30.Qxf3 Bxf3 31.Rc1 Bc6 32.Rd1 Re8 33.Bc3 Re2 34.Rd6 Bf3 35.Rd7+ Ke6
36.Rd6+ Ke7 37.Rd3 Rxf2 38.Bb4 Rg2+ 39.Kf1 Nh2+ 40.Ke1 Re2+ 41.Kd1 Re3+ 42.Kd2 Nf1+
43.Kc3 Rxd3+ 44.Kxd3 Nxg3 45.c6+ Ke6  0-1

[Event "Master Open"]
[Site "Voronezh RUS"]
[Date "2003.06.20"]
[Round "8"]
[White "Riazantsev,A"]
[Black "Arbakov,V"]
[Result "1-0"]
[WhiteElo "2534"]
[BlackElo "2380"]

1.d4 d5 2.c4 dxc4 3.Nf3 Nf6 4.e3 e6 5.Bxc4 c5 6.O-O a6 7.Bd3 Nc6 8.Nc3 cxd4
9.exd4 Be7 10.Bg5 O-O 11.Rc1 b6 12.Re1 Bb7 13.Bb1 Rc8 14.a3 Re8 15.Qd3 g6
16.Bh6 Rc7 17.Ba2 Rd7 18.Rcd1 b5 19.b4 Bf8 20.Bg5 Be7 21.d5 Nxd5 22.Nxd5 Bxg5
23.Nxg5 exd5 24.Rxe8+ Qxe8 25.Bxd5 Ne5 26.Qh3 h5 27.Qxd7 Qxd7 28.Bxf7+ Qxf7
29.Nxf7 Nxf7 30.Rd7 Bc8 31.Rc7 Bf5 32.Rc6 Kg7 33.Rxa6 Bc2 34.f4 Nh6 35.Kf2 Ng4+
36.Kg3 Ne3 37.Rb6 Bd3 38.Kf2 Nd5 39.Rd6 Bc4 40.Kf3 Nc3 41.Ke3 Nb1 42.Ra6 Bb3
43.Kd3 Kf7 44.Kd4 Ba4 45.Ke5 Kg7 46.Ra7+ Kh6 47.Kf6 Nxa3 48.Ra8 Kh7 49.Kg5 Nc2
50.Ra7+ Kg8 51.Kxg6 Kf8 52.f5 Bb3 53.Ra8+ Ke7 54.f6+ Kd7 55.Rb8 Kc6 56.Rc8+ Kd6
57.Rc3  1-0

[Event "TCh-BIH"]
[Site "Jahorina BIH"]
[Date "2003.06.23"]
[Round "4"]
[White "Lalic,B"]
[Black "Maksimenko,A"]
[Result "1/2-1/2"]
[WhiteElo "2549"]
[BlackElo "2506"]

1.d4 d5 2.c4 dxc4 3.e3 Nf6 4.Bxc4 e6 5.Nf3 c5 6.O-O a6 7.dxc5 Bxc5 8.Qxd8+ Kxd8
9.b3 Nbd7 10.Bb2 Ke7  1/2-1/2

[Event "IM"]
[Site "Elancourt FRA"]
[Date "2003.06.25"]
[Round "5"]
[White "Velikov,P"]
[Black "Legky,N"]
[Result "1/2-1/2"]
[WhiteElo "2435"]
[BlackElo "2497"]

1.d4 Nf6 2.Nf3 d5 3.c4 dxc4 4.e3 e6 5.Bxc4 c5 6.O-O Nc6 7.Qe2 cxd4 8.Rd1 Be7
9.exd4 O-O 10.Nc3 Na5 11.Bd3 b6 12.Ne5 Bb7 13.Bg5 Rc8 14.Rac1  1/2-1/2

[Event "It"]
[Site "Pancevo YUG"]
[Date "2003.06.25"]
[Round "6"]
[White "Cheparinov,I"]
[Black "Radulski,J"]
[Result "1/2-1/2"]
[WhiteElo "2508"]
[BlackElo "2493"]

1.d4 d5 2.Nf3 Nf6 3.c4 dxc4 4.e3 e6 5.Bxc4 c5 6.O-O a6 7.Bb3 Nc6 8.Nc3 cxd4
9.exd4 Na5 10.Bc2 b5  1/2-1/2

[Event "2nd Open"]
[Site "La Fere FRA"]
[Date "2003.06.30"]
[Round "3"]
[White "Rigolot,M"]
[Black "Michiels,B"]
[Result "0-1"]
[WhiteElo "1960"]
[BlackElo "2302"]

1.d4 d5 2.c4 dxc4 3.Nf3 Nf6 4.e3 e6 5.Bxc4 c5 6.O-O a6 7.Bb3 Nbd7 8.Qe2 b5
9.a4 Bb7 10.Nbd2 c4 11.Bc2 Be7 12.e4 O-O 13.e5 Nd5 14.Qe4 g6 15.Qg4 Nb4 16.Bb1 Nd3
17.Bxd3 cxd3 18.Ne4 Bxe4 19.Qxe4 Nb6 20.Bh6 Re8 21.Qxd3 Nxa4 22.b3 Nb6 23.Rfc1 Qd5
24.Rc7 Bb4 25.Ng5 Re7 26.Rac1 Rxc7 27.Rxc7 Rc8 28.Qc2 Qd8 29.Rxf7 Qxg5 30.Rg7+ Kh8
31.Bxg5 Rxc2 32.Rb7 Nd5 33.Bh6 Rc8 34.Ra7 a5 35.Rb7 a4  0-1

[Event "11th Fair Play Trophy"]
[Site "Techirghiol ROM"]
[Date "2003.07.01"]
[Round "1"]
[White "Raceanu,V"]
[Black "Podgurkii,S"]
[Result "1-0"]
[WhiteElo "2378"]
[BlackElo "2151"]

1.d4 d5 2.c4 dxc4 3.Nf3 Nf6 4.e3 e6 5.Bxc4 c5 6.O-O Nc6 7.Nc3 cxd4 8.exd4 Be7
9.Bg5 O-O 10.Re1 a6 11.Bb3 b5 12.Qd3 Bb7 13.Rad1 Nb4 14.Qe2 Nbd5 15.Ne5 Nxc3
16.bxc3 Nd5 17.Bd2 Bd6 18.Qg4 Kh8 19.Bc2 Bxe5 20.dxe5 f5 21.exf6 Qxf6 22.f3 Rae8
23.Qh3 h6 24.Qg4 Re7 25.Bb1 Kg8 26.c4 bxc4 27.Qxc4 Rc8 28.Qd3 Kf7 29.Rc1 Rec7
30.Rxc7+ Rxc7 31.Be3 Nxe3 32.Qxe3 Rd7 33.Qe2 Rd6 34.h3 Qd4+ 35.Kh1 Bd5 36.Rd1 Qf6
37.Be4 Rd8 38.Bxd5 Rxd5 39.Rb1 Rd6 40.Rb7+ Kg6 41.Qc2+ Qf5 42.Qb3 Qe5 43.Qb1+ Qf5
44.Qb3 Rc6 45.Qe3 Rd6 46.Re7 Kf6 47.Ra7 Rd1+ 48.Kh2 Rd6 49.Qc3+ e5 50.h4 Qf4+
51.Kh3 g5 52.hxg5+ hxg5 53.g4 Kg6 54.Qb3 Kh6 55.Qb7 Rd7 56.Qc6+  1-0

[Event "IM"]
[Site "Bogny sur Meuse FRA"]
[Date "2003.07.04"]
[Round "10"]
[White "Barsov,A"]
[Black "Eliet,N"]
[Result "1/2-1/2"]
[WhiteElo "2531"]
[BlackElo "2422"]

1.d4 d5 2.c4 c6 3.Nf3 Nf6 4.e3 e6 5.Bd3 dxc4 6.Bxc4 c5 7.O-O a6 8.Bd3 Nc6
9.Nc3 Be7 10.dxc5 Bxc5 11.a3 O-O 12.b4 Be7 13.Bb2 b5 14.Ne4 Nd7 15.Qc2 Bb7
16.Rad1 Rc8 17.Nd6 Bxd6 18.Bxh7+ Kh8 19.Rxd6 Nd4 20.Qd1 Nxf3+ 21.gxf3 Qg5+
22.Kh1 Ne5 23.Be4 Bxe4 24.fxe4 Nc4 25.Rg1 Nxb2 26.Rxg5 Nxd1 27.Rxd1 Rc3 28.h4 Rxa3
29.Rdg1 g6 30.h5 Kg7 31.hxg6  1/2-1/2

[Event "32nd TCh-GRE"]
[Site "Kallithea Chalkidiki GRE"]
[Date "2003.07.07"]
[Round "4"]
[White "Mastrovasilis,A"]
[Black "Gavrilakis,N"]
[Result "1/2-1/2"]
[WhiteElo "2499"]
[BlackElo "2399"]

1.Nf3 d5 2.d4 Nf6 3.c4 e6 4.e3 dxc4 5.Bxc4 c5 6.O-O a6 7.Bd3 Nc6 8.Nc3 cxd4
9.exd4 Be7 10.a3 O-O 11.Bc2 b5 12.Qd3 g6 13.Bh6 Re8 14.Rfe1 Bb7 15.Rad1 Rc8
16.Bb1 Na5 17.Ne5 Nc4 18.Qh3 Nxb2 19.Rd2 Nc4 20.Nxf7 Qa5 21.Ng5 Bf8 22.Nxh7 Nxh7
23.Bxg6 Bxh6 24.Qxh6 Qc7 25.Rd3 Re7 26.Rg3 Kh8 27.Ne2 Qd8 28.Nf4 Qf8 29.Qh4 Qf6
30.Qxf6+ Nxf6 31.Rxe6 Ne5 32.h3 Rxe6 33.Nxe6 Nxg6 34.Rxg6 Ne4 35.f3 Rc1+
36.Kh2 Nd2 37.Kg3 a5 38.Nc5 Bxf3 39.Rh6+ Kg7 40.Rb6 Bd5 41.Rxb5 Rc3+ 42.Kf4 Rxa3
43.Nd7 Bxg2 44.Rg5+ Kf7 45.Rxg2 Nc4 46.Rc2 Nd6 47.Ke5 Ke7 48.Nb8 Nf7+ 49.Kd5 Rxh3
50.Re2+ Kf6 51.Nd7+ Kg6 52.Rg2+ Kh6 53.Ne5 Nxe5 54.dxe5 Rd3+ 55.Ke4 Rd1 56.e6 a4
57.Ke5 Re1+ 58.Kd6 Rd1+ 59.Kc6 Rc1+ 60.Kd7 Rd1+ 61.Ke8 a3 62.e7 Rd3 63.Kf7 Rf3+
64.Ke6 Re3+ 65.Kf6 Rf3+ 66.Ke5 Re3+ 67.Kf5 Kh7 68.Kf6 Rf3+ 69.Ke6 Re3+ 70.Kf7 Rf3+
71.Ke8 Rd3 72.Rf2 Kg7 73.Rg2+ Kh7 74.Rc2 Kg7 75.Re2 Rd1 76.Rg2+ Kh7 77.Kf7 Rf1+
78.Ke6 Re1+ 79.Kd7 Rd1+ 80.Ke8 Rd3 81.Rf2 Kg7 82.Rf7+ Kg8  1/2-1/2

[Event "1st Stage Russian Cup"]
[Site "Tomsk RUS"]
[Date "2003.07.08"]
[Round "5"]
[White "Kron,V"]
[Black "Tregubov,Al"]
[Result "1/2-1/2"]
[WhiteElo "2407"]
[BlackElo "2354"]

1.d4 d5 2.Nf3 Nf6 3.c4 dxc4 4.e3 e6 5.Bxc4 c5 6.O-O cxd4 7.exd4 Be7 8.Nc3 O-O
9.Bg5 Nc6 10.a3 h6 11.Bh4 Nh5 12.Bxe7 Nxe7 13.Re1 Nf6 14.Qd3 b6 15.Rad1 Bb7
16.Ba2 Re8 17.Ne5 Ned5 18.Nxd5 Bxd5 19.Bb1 Kf8 20.Rc1 Rc8 21.Rc3 Re7 22.f3 Rec7
23.Rec1 Bb7 24.h3 Qd6 25.Rxc7 Rxc7 26.Rxc7 Qxc7 27.Qd2 Nd5 28.Be4 f6 29.Bxd5 Bxd5
30.Ng4 Kf7 31.Kf2 Bb7 32.Ne3 g5 33.Qd3 Kg7 34.Qc3 Qd6 35.Qc4 h5 36.Qa4 a5
37.Qc4 Kg6 38.b4 axb4 39.Qxb4 Qxb4 40.axb4 Ba6  1/2-1/2

[Event "FSIM July"]
[Site "Budapest HUN"]
[Date "2003.07.10"]
[Round "6"]
[White "Farago,S"]
[Black "Eperjesi,L"]
[Result "1/2-1/2"]
[WhiteElo "2319"]
[BlackElo "2255"]

1.d4 d5 2.c4 dxc4 3.Nf3 Nf6 4.e3 e6 5.Bxc4 c5 6.O-O a6 7.a4 Nc6 8.Qe2 cxd4
9.Rd1 Qc7 10.Nxd4 Bd6 11.h3 O-O 12.Nc3  1/2-1/2

[Event "11th Fair Play Trophy"]
[Site "Techirghiol ROM"]
[Date "2003.07.10"]
[Round "10"]
[White "Vioreanu,B"]
[Black "Podgurkii,S"]
[Result "0-1"]
[WhiteElo "2395"]
[BlackElo "2151"]

1.d4 d5 2.c4 dxc4 3.Nf3 Nf6 4.e3 e6 5.Bxc4 c5 6.O-O Nc6 7.Qe2 cxd4 8.Rd1 Be7
9.exd4 O-O 10.Nc3 Na5 11.Bd3 b6 12.Ne5 Bb7 13.Be3 a6 14.Bc2 b5 15.a3 Nd5
16.Ne4 Nxe3 17.Qxe3 Nc4 18.Qh3 g6 19.Nc5 Nxe5 20.Nxb7 Qd5 21.dxe5 Qxb7 22.Qe3 Rad8
23.b4 Rxd1+ 24.Rxd1 Rd8 25.Kf1 Rxd1+ 26.Bxd1 Qc7 27.Be2 a5 28.Bxb5 axb4 29.axb4 Bxb4
30.f4 Ba5 31.Be2 Bb6 32.Qd2 Qc5 33.Bf3 Qg1+ 34.Ke2 Qxh2 35.Kd3 Qg1 36.Ke2 Kg7
37.Kd3 Qa1 38.Ke2 Ba5 39.Qe3 Qe1+ 40.Kd3 Qb1+ 41.Kc4 Qc2+ 42.Kb5 Bd2 43.Qd4 Qb3+
44.Kc6 Be3 45.Qd8 Qa4+ 46.Kb7 Qxf4 47.Qd7 Qxe5 48.Bc6 h5 49.Qd3 h4 50.Qc4 g5
51.Bf3 Qd4  0-1

[Event "26th Open"]
[Site "Barbera del Valles ESP"]
[Date "2003.07.13"]
[Round "9"]
[White "Hernando Rodrigo,Ju"]
[Black "Borges Mateos,J"]
[Result "1/2-1/2"]
[WhiteElo "2283"]
[BlackElo "2441"]

1.d4 d5 2.c4 dxc4 3.e3 Nf6 4.Bxc4 e6 5.Nf3 c5 6.O-O a6 7.a4 Nc6 8.Nc3 Be7
9.Qe2 cxd4 10.Rd1 e5 11.exd4 exd4 12.Nxd4 Nxd4 13.Qe5 Qd6 14.Qxd6 Bxd6 15.Rxd4 Be5
16.Rd1 O-O 17.Nd5 Re8 18.Nxf6+ Bxf6 19.Bd5 Rd8 20.Be3 Bxb2 21.Rab1 Bf6 22.Bf3 Bf5
23.Rxb7 Bc2 24.Rxd8+ Rxd8 25.Ra7 Bxa4  1/2-1/2

[Event "2nd Open"]
[Site "Condom FRA"]
[Date "2003.07.13"]
[Round "2"]
[White "Pinter,J"]
[Black "Geirnaert,S"]
[Result "1-0"]
[WhiteElo "2548"]
[BlackElo "2284"]

1.d4 d5 2.c4 dxc4 3.Nf3 Nf6 4.e3 e6 5.Bxc4 c5 6.O-O a6 7.Bb3 Nc6 8.Qe2 cxd4
9.Rd1 Be7 10.Nc3 O-O 11.Nxd4 Nxd4 12.exd4 Nd5 13.Qf3 Nxc3 14.bxc3 Qc7 15.Bf4 Bd6
16.Bxd6 Qxd6 17.c4 Rb8 18.Rac1 Bd7 19.Rc3 Bc6 20.Qg4 f5 21.Qe2 Rf6 22.c5 Qd7
23.Re3 Be4 24.f3 Bd5 25.Re5 Bxb3 26.axb3 Qc6 27.b4 Rd8 28.Qc4 g6 29.h3 Kg7
30.Rde1 Kf7 31.Qc3 Rd5 32.Qe3 Qd7 33.Rxd5 Qxd5 34.Qe5 Qc6 35.h4 Qd7 36.Kf2 Qc6
37.Re2 h6 38.Qf4 Kg7 39.Re5 Rf7 40.Qe3 f4 41.Qe2 Qd7 42.Qe4 Rf6 43.Kg1 Qf7
44.Kh2 Qd7 45.d5 exd5 46.Rxd5 Qe6 47.Re5 Qc6 48.Re7+ Rf7 49.Rxf7+ Kxf7 50.Qxf4+ Kg7
51.Kg3 Qd5 52.Qe4 Qd7 53.Qe5+ Kh7 54.h5 gxh5 55.Qxh5 a5 56.bxa5 Qc7+ 57.Kg4 Qxa5
58.Qf7+ Kh8 59.Qf8+ Kh7 60.Qf5+ Kg7 61.Kh5 Qa6 62.Qd7+ Kf8 63.Qh7  1-0

[Event "24th Open"]
[Site "Bled SLO"]
[Date "2003.07.18"]
[Round "6"]
[White "Tratar,M"]
[Black "Mazi,L"]
[Result "1/2-1/2"]
[WhiteElo "2455"]
[BlackElo "2402"]

1.d4 d5 2.c4 dxc4 3.Nf3 Nf6 4.e3 e6 5.Bxc4 c5 6.O-O a6 7.dxc5 Qxd1 8.Rxd1 Bxc5
9.Nbd2 Ke7 10.Nb3 Bd6 11.Be2 Rd8 12.Bd2 b6 13.Rac1 Bb7 14.Nfd4 g6 15.Bf3 Ra7
16.Bxb7 Rxb7 17.Kf1  1/2-1/2

[Event "MTO"]
[Site "Biel SUI"]
[Date "2003.07.22"]
[Round "2"]
[White "Riazantsev,A"]
[Black "Giertz,N"]
[Result "1-0"]
[WhiteElo "2533"]
[BlackElo "2275"]

1.d4 d5 2.c4 dxc4 3.Nf3 Nf6 4.e3 e6 5.Bxc4 c5 6.O-O Nc6 7.Nc3 Be7 8.a3 O-O
9.dxc5 Qxd1 10.Rxd1 Bxc5 11.b4 Bb6 12.Bb2 Rd8 13.Kf1 Kf8 14.Rxd8+ Nxd8 15.Rd1 Ke7
16.Ke2 Bd7 17.g4 Rc8 18.Bd3 h6 19.Ne5 Be8 20.h4 Bc7 21.Ne4 Nc6 22.Nxc6+ Bxc6
23.Nxf6 gxf6 24.b5 Bd7 25.a4 Be5 26.Ba3+ Ke8 27.f4 Rc3 28.Bc1 Bc7 29.Bb2 Rb3
30.Bxf6 e5 31.f5 Rb4 32.e4 Rxa4 33.g5 hxg5 34.hxg5 Rb4 35.Rh1 Bxb5 36.Bxb5+ Rxb5
37.Rh8+ Kd7 38.Rf8 Rb2+ 39.Kf3 Rb3+ 40.Kg4 Re3 41.Rxf7+ Kc6 42.g6 Rxe4+ 43.Kh5 Re1
44.g7 Rh1+ 45.Kg6 Rg1+ 46.Bg5 Bd8 47.f6  1-0

[Event "MTO"]
[Site "Biel SUI"]
[Date "2003.07.27"]
[Round "6"]
[White "Cvitan,O"]
[Black "Giertz,N"]
[Result "1/2-1/2"]
[WhiteElo "2546"]
[BlackElo "2275"]

1.d4 d5 2.Nf3 Nf6 3.c4 dxc4 4.e3 e6 5.Bxc4 c5 6.O-O Nc6 7.Qe2 cxd4 8.Rd1 Be7
9.exd4 Na5 10.Bd3 O-O 11.Nc3 b6 12.Qe5 Bd6 13.Qg5 Bb7 14.d5 h6 15.Qh4 Nxd5
16.Qh3 Nxc3 17.bxc3 Qc7 18.Bxh6  1/2-1/2

[Event "MTO"]
[Site "Biel SUI"]
[Date "2003.07.29"]
[Round "8"]
[White "Avrukh,B"]
[Black "Karjakin,Sergey"]
[Result "1-0"]
[WhiteElo "2557"]
[BlackElo "2560"]

1.d4 d5 2.c4 dxc4 3.e3 Nf6 4.Bxc4 e6 5.Nf3 c5 6.O-O a6 7.Bb3 b5 8.a4 b4 9.a5 Bb7
10.Ba4+ Nbd7 11.e4 Qc7 12.Bg5 Nxe4 13.Ne5 Nxg5 14.Bxd7+ Ke7 15.f4 Ne4 16.Nd2 Nxd2
17.Qxd2 Rd8 18.f5 Rxd7 19.fxe6 Qxe5 20.Rxf7+ Kxe6 21.Rxd7 Qe4 22.Rd8 Kf6
23.Re1 Qh4 24.Qe2 Kg5 25.Qe6 g6 26.g3 Qg4 27.Re5+ Qf5 28.Rxf5+ gxf5 29.Rxf8 Rxf8
30.Qe7+ Rf6 31.h4+  1-0

[Event "4th It"]
[Site "Montreal CAN"]
[Date "2003.08.01"]
[Round "9"]
[White "Legky,N"]
[Black "Ross,D"]
[Result "1-0"]
[WhiteElo "2482"]
[BlackElo "2318"]

1.d4 d5 2.c4 dxc4 3.Nf3 Nf6 4.e3 e6 5.Bxc4 c5 6.O-O a6 7.a4 Nc6 8.Nc3 Qc7
9.d5 exd5 10.Nxd5 Nxd5 11.Qxd5 Bd6 12.Qe4+ Qe7 13.Qxe7+ Kxe7 14.Bd2 Ne5 15.Nxe5 Bxe5
16.Rab1 Bf5 17.e4 Bd7 18.a5 Bc6 19.Be3 Bd4 20.Bxd4 cxd4 21.f3 g5 22.Kf2 Rac8
23.Rfc1 f6 24.Ke2 Kd6 25.Kd3 Ke5 26.Rf1 Bb5 27.Bxb5 axb5 28.g3 Rc4 29.Rbc1 Rhc8
30.f4+ gxf4 31.gxf4+ Ke6 32.Rxc4 Rxc4 33.b3 Rc3+ 34.Kxd4 Rxb3 35.Kc5 Re3
36.Kb6 Rxe4 37.Kxb7 Kf5 38.a6 Re7+ 39.Kb6 b4 40.a7 Re8 41.Rb1 Kxf4 42.Rxb4+ Kg5
43.Ra4 Ra8 44.Kb7 Rxa7+ 45.Kxa7 f5 46.h4+ Kf6 47.Kb6 Ke5 48.Kc5  1-0

[Event "Stork YM"]
[Site "Hengelo NED"]
[Date "2003.08.07"]
[Round "6"]
[White "Seifert,V"]
[Black "Michiels,B"]
[Result "0-1"]
[WhiteElo "2371"]
[BlackElo "2376"]

1.d4 d5 2.c4 dxc4 3.e3 Nf6 4.Bxc4 e6 5.Nf3 c5 6.O-O a6 7.Bb3 Nbd7 8.Qe2 b5
9.a4 Bb7 10.Nbd2 Qb6 11.e4 cxd4 12.e5 Nd5 13.Ne4 Be7 14.Bg5 O-O 15.Bxe7 Nxe7
16.Bc2 h6 17.Qd3 Ng6 18.h4 Rfd8 19.h5 Ngxe5 20.Nxe5 Nxe5 21.Qg3 d3 22.Qxe5 dxc2
23.Ra3 Qd4 24.Qxd4 Rxd4  0-1

[Event "Stork YM"]
[Site "Hengelo NED"]
[Date "2003.08.08"]
[Round "8"]
[White "Szeberenyi,A"]
[Black "Michiels,B"]
[Result "1/2-1/2"]
[WhiteElo "2385"]
[BlackElo "2376"]

1.d4 d5 2.c4 dxc4 3.e3 Nf6 4.Nf3 e6 5.Bxc4 c5 6.O-O a6 7.Bb3 Nbd7 8.e4 Nxe4
9.Re1 Nd6 10.d5 e5 11.Nxe5 Be7 12.Bf4 Nxe5 13.Bxe5 O-O 14.Nc3 Bf5 15.Bc2  1/2-1/2

[Event "Independence Cup"]
[Site "Kyiv UKR"]
[Date "2003.08.18"]
[Round "6"]
[White "Zarubin,P"]
[Black "Miljutin,O"]
[Result "1-0"]
[WhiteElo "2442"]
[BlackElo "2195"]

1.d4 d5 2.c4 dxc4 3.Nf3 Nf6 4.e3 e6 5.Bxc4 c5 6.O-O a6 7.Qe2 b5 8.Bd3 Bb7
9.dxc5 Bxc5 10.Rd1 Nbd7 11.a4 b4 12.Nbd2 O-O 13.a5 Qc7 14.h3 Ne5 15.Nxe5 Qxe5
16.e4 Rfd8 17.Nf3 Qb8 18.Bg5 h6 19.Be3 Qa7 20.Bxc5 Qxc5 21.Nd2 e5 22.Nb3 Qe7
23.Rac1 Rdc8 24.Qe3 Nd7 25.Bc4 Kf8 26.Bd5 Bxd5 27.exd5 Qd6 28.Qf3 g6 29.Rc6 Qe7
30.Rxg6  1-0

[Event "Open"]
[Site "Vienna AUT"]
[Date "2003.08.19"]
[Round "4"]
[White "Niklasch,O"]
[Black "Zoebisch,H"]
[Result "1/2-1/2"]
[WhiteElo "2371"]
[BlackElo "2203"]

1.d4 d5 2.c4 dxc4 3.Nf3 Nf6 4.e3 e6 5.Bxc4 c5 6.O-O a6 7.a4 Nc6 8.Qe2 Qc7
9.Rd1 Bd6 10.dxc5 Bxc5 11.b3 O-O 12.Bb2 e5 13.h3 Bf5 14.Nbd2 Rae8 15.Rac1 Qe7
16.Nf1 Ba3 17.Bxa6 Bxb2 18.Qxb2 e4 19.Ne1 bxa6 20.Rxc6 Rb8 21.Rxa6 Be6 22.Qe5 Qb7
23.Rad6 Qxb3 24.a5 Rb5 25.Qa1 Nd5 26.a6 Qb4 27.Rc6 Ra5 28.Qc1 Qa4 29.Ng3 Rxa6
30.Rxa6 Qxa6 31.Nxe4 Rc8 32.Qb2 Qa4 33.Rd4 Qa5 34.Nf3 h6 35.Rd2 Nb4 36.Nd4 Nd5
37.Nd6 Ra8 38.Rd1 Qa3 39.Qb7 Qa7 40.Qc6 Qa4 41.Qxa4 Rxa4 42.Rb1 Ra8 43.Rb7 Rd8
44.Nxe6 fxe6 45.Ne4 Rc8 46.g4 Rc7 47.Rb8+ Kf7 48.Kg2 Nf6 49.Nd2 Rc2 50.Rd8 Nd5
51.Nf1 Ke7 52.Rb8 Nf6 53.Rb7+ Kf8 54.Kf3 Ra2 55.Ng3 Rc2 56.h4 g5 57.hxg5 hxg5
58.Rb5 e5 59.Rxe5 Rxf2+ 60.Kxf2 Nxg4+  1/2-1/2

[Event "Open"]
[Site "Vienna AUT"]
[Date "2003.08.22"]
[Round "7"]
[White "Lamby,P"]
[Black "Brod,M"]
[Result "1-0"]
[WhiteElo "2167"]
[BlackElo "2252"]

1.d4 d5 2.c4 dxc4 3.Nf3 Nf6 4.e3 e6 5.Bxc4 c5 6.O-O a6 7.Bb3 Nc6 8.Nc3 Qc7
9.Qe2 Bd6 10.dxc5 Bxc5 11.e4 Ng4 12.g3 O-O 13.Bf4 e5 14.Nd5 Qb8 15.Bg5 h6
16.Bd2 Kh7 17.h3 Nxf2 18.Rxf2 Bxf2+ 19.Kxf2 f5 20.Kg2 Qd6 21.Rf1 Be6 22.Bc3 Rad8
23.Rd1 fxe4 24.Nxe5 Qc5 25.Nxc6 bxc6 26.Bb4 Qa7 27.Nf6+ Rxf6 28.Rxd8 e3 29.Bxe6 Rxe6
30.Qd3+ Rg6 31.Rd6  1-0

[Event "Open"]
[Site "Vienna AUT"]
[Date "2003.08.23"]
[Round "8"]
[White "Miniboeck,G"]
[Black "Zoebisch,H"]
[Result "1-0"]
[WhiteElo "2334"]
[BlackElo "2203"]

1.d4 d5 2.c4 dxc4 3.Nf3 Nf6 4.e3 e6 5.Bxc4 c5 6.Qe2 a6 7.dxc5 Bxc5 8.O-O b5
9.Bd3 Nc6 10.Rd1 Qc7 11.a4 bxa4 12.Rxa4 Nb4 13.Bb5+ Ke7 14.Bd2 Nfd5 15.Rc1 Qb6
16.e4 axb5 17.Rxa8 Nc7 18.Ra3 Nba6 19.Ba5  1-0

[Event "2nd It"]
[Site "Pays de Charleroi FRA"]
[Date "2003.08.24"]
[Round "3"]
[White "Vandevoort,P"]
[Black "Marechal,A"]
[Result "1/2-1/2"]
[WhiteElo "2353"]
[BlackElo "2256"]

1.d4 d5 2.c4 dxc4 3.Nf3 Nf6 4.e3 e6 5.Bxc4 c5 6.O-O a6 7.Qe2 b5 8.Bb3 Bb7
9.a4 b4 10.a5 Be7 11.Ba4+ Nbd7 12.dxc5 Qc7 13.Ne5 Qxe5 14.c6 Bc8 15.cxd7+ Bxd7
16.Bxd7+ Nxd7 17.Nd2 O-O 18.Nf3 Qe4 19.Rd1 Nc5 20.Rd4 Qb7 21.Qc4 Rac8 22.Qxb4 Qxb4
23.Rxb4 Nd3 24.Rb7 Bf6 25.Bd2 Nxb2 26.Rb1 Nc4 27.Bb4 Rfd8 28.g4 h6 29.h4 Rb8
30.Be1 Rxb7 31.Rxb7 Rd5 32.Ra7 Nxa5 33.Rxa6 Nc4 34.Kg2  1/2-1/2

[Event "Acropolis Open"]
[Site "Athens GRE"]
[Date "2003.08.27"]
[Round "3"]
[White "Avrukh,B"]
[Black "Kofidis,A"]
[Result "1-0"]
[WhiteElo "2557"]
[BlackElo "2434"]

1.d4 d5 2.c4 dxc4 3.e3 e6 4.Bxc4 Nf6 5.Nf3 c5 6.O-O a6 7.Bb3 Nc6 8.Nc3 cxd4
9.exd4 Be7 10.Bg5 O-O 11.Qd2 b5 12.Rad1 Bb7 13.d5 exd5 14.Nxd5 Nxd5 15.Bxd5 Bxg5
16.Nxg5 Qf6 17.Ne4 Qe7 18.Nd6 Nd8 19.Bb3 Bc6 20.Rc1 Qf6 21.Rc5 Ra7 22.Rd1 Rd7
23.Rxc6 Nxc6 24.Ne4 Qd4 25.Qe2 Rfd8 26.Rxd4 Nxd4 27.Qg4 Kh8 28.Ng3 Nxb3 29.axb3 Rd1+
30.Nf1 h6 31.g3 Rb1 32.Kg2 Rxb2 33.Qb4 Kg8 34.Qa3 Rb1 35.Qa2 Rdd1 36.Ne3 Rg1+
37.Kf3 Ra1 38.Qc2 Rgc1 39.Qe4 g6 40.Qe8+ Kg7 41.Qe5+ Kg8 42.Ng4 Re1 43.Qf6  1-0

[Event "Acropolis WGM"]
[Site "Athens GRE"]
[Date "2003.09.02"]
[Round "9"]
[White "Khurtsidze,N"]
[Black "Krivec,J"]
[Result "1-0"]
[WhiteElo "2440"]
[BlackElo "2268"]

1.d4 d5 2.Nf3 Nf6 3.c4 dxc4 4.e3 e6 5.Bxc4 c5 6.O-O a6 7.a4 Nc6 8.Qe2 cxd4
9.Rd1 Be7 10.exd4 O-O 11.Nc3 Nb4 12.Ne5 b6 13.Ne4 Bb7 14.Nxf6+ Bxf6 15.Ra3 Rc8
16.Rh3 g6 17.Ng4 h5 18.Ne5 Bd5 19.b3 Qc7 20.Bf4 Bxc4 21.bxc4 Bxe5 22.Bxe5 Qxc4
23.Qe3 Kh7 24.Qe4 Kg8 25.Qg4 Nc6 26.Bf6 Qd5 27.Qf4 Kh7 28.g4 e5 29.Rxh5+ gxh5
30.Qf5+  1-0

[Event "Polish Extraleague"]
[Site "Lubniewice POL"]
[Date "2003.09.02"]
[Round "4"]
[White "Kempinski,R"]
[Black "Izbinski,B"]
[Result "1/2-1/2"]
[WhiteElo "2565"]
[BlackElo "2303"]

1.d4 d5 2.Nf3 e6 3.c4 dxc4 4.e3 Nf6 5.Bxc4 c5 6.O-O a6 7.dxc5 Qxd1 8.Rxd1 Bxc5
9.Be2 Nc6 10.Nbd2 Bd7 11.b3 O-O 12.Bb2 Rfd8 13.Rac1 Be7 14.Nc4 Be8 15.Nd4 Nxd4
16.Bxd4 Rac8 17.f3 b5 18.Nb6 Rb8 19.Bxf6 Rxd1+ 20.Bxd1 gxf6 21.Nc8 Ba3 22.Rc7 Kf8
23.f4 Bb4 24.Bf3 f5 25.Kf2 Ba5 26.Rc2 Bd7 27.Na7 Bb6 28.Nc6 Rc8 29.Ke2 a5
30.h3 h6 31.Kd3 f6 32.a3 Bxc6 33.Bxc6 Rd8+ 34.Ke2 Rc8 35.Kd3  1/2-1/2

[Event "TCh-CRO"]
[Site "Rabac CRO"]
[Date "2003.09.08"]
[Round "2"]
[White "Ascic,A"]
[Black "Bertok,M"]
[Result "1/2-1/2"]
[WhiteElo "2216"]
[BlackElo "2297"]

1.d4 d5 2.c4 dxc4 3.e3 Nf6 4.Bxc4 e6 5.Nf3 c5 6.O-O a6 7.dxc5 Qxd1 8.Rxd1 Bxc5
9.Nbd2 b5 10.Be2 Bb7 11.Nb3 Bb6 12.Bd2 Nc6 13.Rac1  1/2-1/2

[Event "TCh-CRO w"]
[Site "Rabac CRO"]
[Date "2003.09.11"]
[Round "5"]
[White "Macek,V"]
[Black "Krivec,J"]
[Result "1/2-1/2"]
[WhiteElo "2216"]
[BlackElo "2268"]

1.d4 d5 2.c4 dxc4 3.Nf3 Nf6 4.e3 e6 5.Bxc4 c5 6.O-O a6 7.Bb3 Nc6 8.Nc3 cxd4
9.exd4 Be7 10.d5 Nxd5 11.Nxd5 exd5 12.Bxd5 O-O  1/2-1/2

[Event "GRE-GEO Match w"]
[Site "Athens GRE"]
[Date "2003.09.22"]
[Round "4"]
[White "Lomineishvili,M"]
[Black "Fakhiridou,E"]
[Result "0-1"]
[WhiteElo "2409"]
[BlackElo "2292"]

1.d4 d5 2.c4 dxc4 3.Nf3 Nf6 4.e3 e6 5.Bxc4 c5 6.O-O a6 7.Nc3 Nc6 8.a4 cxd4
9.exd4 Be7 10.Bf4 O-O 11.Re1 b6 12.Qd3 Bb7 13.Rad1 Qc7 14.Ba2 Nb4 15.Qe2 Nxa2
16.Nxa2 Nd5 17.Bc1 Rac8 18.Ne5 Qc2 19.Qg4 Bd6 20.Bg5 Bxe5 21.dxe5 Qg6 22.Rd4 Rc2
23.Bc1 Rfc8 24.Qh3 R2c4 25.Rd3 Rg4 26.Red1 h6 27.Rg3 Rcc4 28.Rdd3 Qe4 29.Kf1 Rh4
30.Bxh6 Qxd3+ 31.Rxd3 Rxh3 32.gxh3  0-1

[Event "GRE-GEO Match m"]
[Site "Athens GRE"]
[Date "2003.09.24"]
[Round "6"]
[White "Mastrovasilis,A"]
[Black "Kacheishvili,G"]
[Result "1/2-1/2"]
[WhiteElo "2499"]
[BlackElo "2603"]

1.d4 d5 2.c4 dxc4 3.Nf3 Nf6 4.e3 e6 5.Bxc4 c5 6.O-O a6 7.Bb3 cxd4 8.exd4 Be7
9.Nc3 O-O 10.Bg5 b5 11.Qd3 Bb7 12.Rad1 Nc6 13.a3 Rc8 14.Ne5 Nd5  1/2-1/2

[Event "2nd League TCh-SCG"]
[Site "Belgrade SCG"]
[Date "2003.09.27"]
[Round "1"]
[White "Pavlovic,Mi2"]
[Black "Hrzic,I"]
[Result "1-0"]
[WhiteElo "2442"]
[BlackElo "2296"]

1.Nf3 d5 2.d4 Nf6 3.c4 dxc4 4.e3 e6 5.Bxc4 c5 6.O-O a6 7.a4 Nc6 8.Qe2 cxd4
9.Rd1 Be7 10.exd4 Nb4 11.Nc3 Nfd5 12.Ne4 O-O 13.Ne5 Bd7 14.Ra3 Be8 15.Rg3 Kh8
16.Qg4 g6 17.Rh3 Nf6 18.Nxf6 Bxf6 19.Bh6 Bg7 20.Qf4 g5 21.Bxg5 f6 22.Qe4 h5
23.Ng6+ Bxg6 24.Qxg6 Qe8 25.Rxh5+ Kg8 26.Qh7+ Kf7 27.Bh6 Rg8 28.Re1  1-0